000 00653pam a2200205 a 4500
020 _a0-07-Y85795-4
_c
040 _aNMHR_425001
041 _aeng
082 _a621.381
_bTER
100 _aTerman, F E
245 _aElectronic and Radio Engineering
_cby Frederick Emmons Terman
_hPaper
250 _a4th ed
260 _aNew Delhi
_bMcGraw-Hill Book Company
_c1988
300 _a1078p
_b692 Figures, 11 Tables
_c20.8 x 14.9 cm
365 _aRs.380
_ePaper Back
500 _aThis document contains back index from page no. 1057 to 1078
504 _aThis document does not contain any kind of bibliography
700 _aKshisagar, A
930 _a9877
999 _c86782
_d86782